Search the Scriptures : (Record no. 145)
[ view plain ]
| 000 -LEADER | |
|---|---|
| fixed length control field | 00717nam a2200241Ii 4500 |
| 001 - CONTROL NUMBER | |
| control field | 25750 |
| 003 - CONTROL NUMBER IDENTIFIER | |
| control field | GBCCL |
| 005 - DATE AND TIME OF LATEST TRANSACTION | |
| control field | 20241126110331.0 |
| 008 - FIXED-LENGTH DATA ELEMENTS--GENERAL INFORMATION | |
| fixed length control field | 791105s1955 ilu 000 0 eng d |
| 035 ## - SYSTEM CONTROL NUMBER | |
| System control number | (OCoLC)05651241 |
| 040 ## - CATALOGING SOURCE | |
| Original cataloging agency | SDN |
| Transcribing agency | SDN |
| 049 ## - | |
| -- | LBBK |
| 082 ## - DEWEY DECIMAL CLASSIFICATION NUMBER | |
| Classification number | 220.07 |
| Item number | SEA |
| 092 ## - LOCALLY ASSIGNED DEWEY CALL NUMBER (OCLC) | |
| Classification number | 220.07 |
| Item number | M279 |
| 100 1# - MAIN ENTRY--PERSONAL NAME | |
| Personal name | Manley, George Thomas. |
| 9 (RLIN) | 4846 |
| 245 10 - TITLE STATEMENT | |
| Title | Search the Scriptures : |
| Remainder of title | a three year Bible study course / |
| Statement of responsibility, etc. | General editors, G. T. Manley, H. W. Oldham. |
| 250 ## - EDITION STATEMENT | |
| Edition statement | 3d ed. |
| 260 ## - PUBLICATION, DISTRIBUTION, ETC. | |
| Place of publication, distribution, etc. | Chicago : |
| Name of publisher, distributor, etc. | Inter-Varsity Press, |
| Date of publication, distribution, etc. | 1955. |
| 300 ## - PHYSICAL DESCRIPTION | |
| Extent | xvi, 544 p. ; |
| Dimensions | 22 cm. |
| 630 00 - SUBJECT ADDED ENTRY--UNIFORM TITLE | |
| Uniform title | Bible |
| General subdivision | Study |
| -- | Outlines, syllabi, etc. |
| 9 (RLIN) | 4847 |
| 700 10 - ADDED ENTRY--PERSONAL NAME | |
| Personal name | Oldham, H. W. |
| Relator term | joint ed. |
| 9 (RLIN) | 4848 |
| 942 ## - ADDED ENTRY ELEMENTS (KOHA) | |
| Source of classification or shelving scheme | Dewey Decimal Classification |
| Koha item type | Books |
| Withdrawn status | Lost status | Source of classification or shelving scheme | Damaged status | Not for loan | Home library | Current Library | Shelving location | Date acquired | Total checkouts | Full call number | Barcode | Date last seen | Copy number | Price effective from | Koha item type |
|---|---|---|---|---|---|---|---|---|---|---|---|---|---|---|---|
| Dewey Decimal Classification | GRACE BIBLE COLLEGE | GRACE BIBLE COLLEGE | Biblical Studies | 2016-05-27 | 220.07 SEA | 004543 | 2025-05-01 | c.1 | 2016-05-27 | Books | |||||
| Dewey Decimal Classification | GRACE BIBLE COLLEGE | GRACE BIBLE COLLEGE | Biblical Studies | 2017-05-09 | 220.07 SEA | 004544 | 2025-05-01 | c.2 | 2017-05-09 | Books |